000
00228 a2200097 4500
001
30395
100
_a
CHA, Burns Mantle
245
_a
The Best plays of 1950-1951
260
_a
Newyork
_b
Dodd Mead & Co
_c
090
_c
20347
_d
20347
942
_a
NUST-CAE
_c
M
_c
11500
999
_c
265468
_d
265468